Nowhere Man - The Beatles (All Lyrics) - Statistics

General Stats
  • This quiz has been taken 176 times
  • The average score is 137 of 156
Answer Stats
Lyrics % Correct
man
100%
man,
100%
no
100%
a
99%
he
99%
nowhere
99%
he's
98%
in
97%
his
96%
real
95%
and
94%
is
94%
you
94%
land
92%
for
91%
me
91%
to
91%
know
90%
like
90%
plans
90%
all
89%
what
89%
where
89%
don't
88%
making
88%
nobody
88%
not
88%
of
88%
your
88%
going
87%
sitting
87%
have
86%
isn't
86%
listen
86%
bit
85%
please
85%
the
85%
doesn't
84%
you're
84%
knows
83%
missing
83%
be
82%
point
82%
view
82%
at
81%
can
81%
world
80%
see
78%
as
76%
wants
76%
command
75%
worry
74%
blind
71%
just
70%
sees
64%
take
64%
time,
64%
hurry
63%
hand
56%
it
56%
somebody
51%
lends
44%
till
38%
leave
33%
No matching quizzes found
Score Distribution
Percent of People with Each Score
Percentile by Number Answered
Your Score History
You have not taken this quiz